BUBT Library Online Catalog

Wireless Communication & Networking (Record no. 3914)

000 -LEADER
fixed length control field 00509nam a2200205Ia 4500
003 - CONTROL NUMBER IDENTIFIER
control field BUBTL
008 - FIXED-LENGTH DATA ELEMENTS--GENERAL INFORMATION
fixed length control field 151213s9999 xx 000 0 und d
020 ## - INTERNATIONAL STANDARD BOOK NUMBER
International Standard Book Number 978-81-312-1889-1
082 ## - DEWEY DECIMAL CLASSIFICATION NUMBER
Classification number 621.38456GAW
100 ## - MAIN ENTRY--PERSONAL NAME
Personal name Vijay K. Gary
245 ## - TITLE STATEMENT
Title Wireless Communication & Networking
Statement of responsibility, etc. Vijay K. Gary
260 ## - PUBLICATION, DISTRIBUTION, ETC. (IMPRINT)
Place of publication, distribution, etc. New Delhi
Name of publisher, distributor, etc. Mongan Kaufmann
Date of publication, distribution, etc. 2008
300 ## - PHYSICAL DESCRIPTION
Extent 7366 p.
650 ## - SUBJECT ADDED ENTRY--TOPICAL TERM
Topical term or geographic name as entry element E E E
650 ## - SUBJECT ADDED ENTRY--TOPICAL TERM
Topical term or geographic name as entry element science
700 ## - ADDED ENTRY--PERSONAL NAME
Personal name Vijay K. Gary
856 ## - ELECTRONIC LOCATION AND ACCESS
Password 0
Logon 0
Link text Download
942 ## - ADDED ENTRY ELEMENTS (KOHA)
Source of classification or shelving scheme
Koha item type Books
Holdings
Withdrawn status Lost status Source of classification or shelving scheme Damaged status Not for loan Collection code Permanent location Current location Shelving location Date acquired Inventory number Total Checkouts Total Renewals Full call number Barcode Date last seen Date last checked out Copy number Price effective from Koha item type
          Non-fiction Bangladesh University of Business and Technology Library Bangladesh University of Business and Technology Library Electronic Engineering Stacks 09/05/2010 8261 3 2 621.38456GAW BUBTL-20038261 02/22/2019 02/22/2019 C-1 01/30/2016 Books
          Non-fiction Bangladesh University of Business and Technology Library Bangladesh University of Business and Technology Library Electronic Engineering Stacks 09/05/2010 8262     621.38456GAW BUBTL-20038262 01/30/2016   C-2 01/30/2016 Books
        Not For Loan Non-fiction Bangladesh University of Business and Technology Library Bangladesh University of Business and Technology Library Electronic Engineering Stacks 09/05/2010 8263     621.38456GAW BUBTL-20038263 01/30/2016   C-3 01/30/2016 Books
        Not For Loan Non-fiction Bangladesh University of Business and Technology Library Bangladesh University of Business and Technology Library Electronic Engineering Stacks 07/15/2010 7361     621.38456GAW BUBTL-20037361 01/30/2016   C-4 01/30/2016 Books
        Not For Loan Non-fiction Bangladesh University of Business and Technology Library Bangladesh University of Business and Technology Library Electronic Engineering Stacks 07/15/2010 7362     621.38456GAW BUBTL-20037362 01/30/2016   C-5 01/30/2016 Books

More Information About Library

Library Hours

  • Open: 9.00 am. to 9.00 pm.
  • Only Sunday: 9.00 am. to 6.00 pm.
  • Closed: Holiday

Contact to the University

Bangladesh University of Business and Technology Library

  • Mirpurl-2, 1216.
  • Phone:
  • Fax:
  • E-Mail: admin.library@bubt.edu.bd

Contact to the Library

Contact Person:

Md. Abdul Hakim Shah
Joint Librarian
PABX No:  113
Cell No: 01816332931
E-mail: official: admin.library@bubt.edu.bd
Personal: hakim.shah@bubt.edu.bd


BUBT Library

Copyright © 2021